Statistiques concernant Joueurs de tennis français par images - Aléatoire

Cliquez ici pour prendre le quiz!

Statistiques générales

  • Ce quiz a été pris 291 fois
  • Le résultat moyen est 6 sur 12

Statistiques - réponses

Réponse% Correct
Benoît Paire
98%
Gaël Monfils
98%
Jo-Wilfried Tsonga
97%
Yannick Noah
94%
Richard Gasquet
93%
Nicolas Mahut
89%
Hugo Gaston
88%
Adrian Mannarino
86%
Arthur Fils
85%
Lucas Pouille
85%
Gilles Simon
84%
Ugo Humbert
81%
Pierre-Hugues Herbert
77%
Luca Van Assche
74%
Fabrice Santoro
66%
Julien Benneteau
66%
Corentin Moutet
65%
Jérémy Chardy
65%
Michaël Llodra
64%
Henri Leconte
57%
Arnaud Clément
54%
Arthur Rinderknech
54%
Sébastien Grosjean
51%
Cédric Pioline
49%
Paul-Henri Mathieu
47%
René Lacoste
47%
Benjamin Bonzi
42%
Constant Lestienne
42%
Guy Forget
33%
Alexandre Müller
31%
Nicolas Escudé
31%
Grégoire Barrère
28%
Antoine Hoang
21%
Quentin Halys
20%
Guillaume Raoux
11%
Hugo Grenier
10%
Arnaud Boetsch
9%
Patrice Dominguez
9%
Albano Olivetti
8%
Florent Serra
7%
Jérôme Golmard
7%
Marc Gicquel
7%
Kenny de Schepper
4%
Thierry Tulasne
4%
Olivier Delaitre
2%
François Jauffret
0%
Jean-Philippe Fleurian
0%
Julien Boutter
0%

Distribution des résultats

Percentile par nombre de réponses

% des personnes avec chaque résultat

Votre développement - résultats

Vous n’avez pas pris ce quiz